Reginald Rowan Belknap papers, (Record no. 39184)

MARC details
000 -LEADER
fixed length control field 01936cpcaa2200397 4500
001 - CONTROL NUMBER
control field mm 70052704
003 - CONTROL NUMBER IDENTIFIER
control field DLC
005 - DATE AND TIME OF LATEST TRANSACTION
control field 20260227111613.0
007 - PHYSICAL DESCRIPTION FIXED FIELD--GENERAL INFORMATION
fixed length control field cr |||||||||||
008 - FIXED-LENGTH DATA ELEMENTS--GENERAL INFORMATION
fixed length control field 730514|||||||||||| eng
010 ## - LIBRARY OF CONGRESS CONTROL NUMBER
LC control number mm 70052704
NUCMC control number ms 68002005
040 ## - CATALOGING SOURCE
Original cataloging agency DLC
Transcribing agency DLC
Description conventions dacs
Modifying agency DLC
072 #7 - SUBJECT CATEGORY CODE
Subject category code R
Source lcmd
100 1# - MAIN ENTRY--PERSONAL NAME
Personal name Belknap, Reginald Rowan,
Dates associated with a name 1871-1959.
245 00 - TITLE STATEMENT
Title Reginald Rowan Belknap papers,
Inclusive dates 1784-1929
Bulk dates (bulk 1900-1929).
300 ## - PHYSICAL DESCRIPTION
Extent 7,100
Type of unit items.
300 ## - PHYSICAL DESCRIPTION
Extent 23
Type of unit containers.
300 ## - PHYSICAL DESCRIPTION
Extent 9
Type of unit linear ft.
351 ## - ORGANIZATION AND ARRANGEMENT OF MATERIALS
Organization Arranged in two series. Series 1: Correspondence, 1882-1929; and Series 2: Miscellany, 1784-1928.
506 0# - RESTRICTIONS ON ACCESS NOTE
Terms governing access Open to research.
520 8# - SUMMARY, ETC.
Summary, etc. Correspondence, financial and legal records, printed matter, photographs and other papers. Primarily correspondence between Belknap and his wife, Julia P. Averill Belknap, and other family members pertaining to personal and social matters. Includes writings concerning his wife's experiences as a bride in East Asia at the turn of the twentieth century.
545 0# - BIOGRAPHICAL OR HISTORICAL DATA
Biographical or historical data Naval officer.
546 ## - LANGUAGE NOTE
Language note Collection material in English.
555 8# - CUMULATIVE INDEX/FINDING AIDS NOTE
Cumulative index/finding aids note Finding aid available in the Library of Congress Manuscript Reading Room and at
Uniform Resource Identifier <a href="http://hdl.loc.gov/loc.mss/eadmss.ms010051">http://hdl.loc.gov/loc.mss/eadmss.ms010051</a>
580 ## - LINKING ENTRY COMPLEXITY NOTE
Linking entry complexity note Forms part of: Naval Historical Foundation collection.
600 10 - SUBJECT ADDED ENTRY--PERSONAL NAME
Personal name Belknap, Julia P. Averill.
600 10 - SUBJECT ADDED ENTRY--PERSONAL NAME
Personal name Belknap, Julia P. Averill
Form subdivision Correspondence.
600 30 - SUBJECT ADDED ENTRY--PERSONAL NAME
Personal name Belknap family.
650 #0 - SUBJECT ADDED ENTRY--TOPICAL TERM
Topical term or geographic name entry element Americans
Geographic subdivision East Asia.
656 #7 - INDEX TERM--OCCUPATION
Occupation Naval officers.
Source of term itoamc
856 4# - ELECTRONIC LOCATION AND ACCESS
Materials specified Finding aid
Uniform Resource Identifier <a href="http://hdl.loc.gov/loc.mss/eadmss.ms010051">http://hdl.loc.gov/loc.mss/eadmss.ms010051</a>
856 4# - ELECTRONIC LOCATION AND ACCESS
Materials specified Finding aid (PDF)
Uniform Resource Identifier <a href="http://hdl.loc.gov/loc.mss/eadmss.ms010051.3">http://hdl.loc.gov/loc.mss/eadmss.ms010051.3</a>

No items available.

Powered by Koha